Statistics for Top Black Pepper-Producing Countries

Click here to take the quiz!

General Stats

  • This quiz has been taken 180 times
  • The average score is 5 of 7

Answer Stats

ProductionCountry% Correct
66,000India
93%
37,423China
92%
109,401Brazil
82%
88,949Indonesia
80%
33,940Malaysia
67%
264,413Vietnam
66%
374,413Ethiopia
25%

Score Distribution

Percentile by Number Answered

Percent of People with Each Score

Your Score History

You have not taken this quiz